00491nam a2200193 a 4500001001300000003000900013005001700022008004100039020002300080082001700103100001900120245001000139260004400149300000900193500003500202505001000237650003100247700001900278nice12345678IN_TiNIC20260116014714.0121108s2006 lona grp 000 0 eng  a9780195676556c19500a922.97bMIR1 aMir, Mustansir aIqbal aLondan bOxford University Press c2006 a157p aincludes index and biblioraphy2 aIndex aIqbal Muhammad-Philosopher1 aMir, Mustansir